| 000 | 00897nac a22002537a 4500 | ||
|---|---|---|---|
| 001 | BR8300813 | ||
| 003 | BR-BrBNA | ||
| 005 | 20240105115624.0 | ||
| 008 | 230509b bl.|||m| |||| 00| 0 por d | ||
| 040 |
_aBR-BrBNA _bpor _cBiblioteca Nacional de Agricultura |
||
| 072 | _aM10 | ||
| 090 | _a8195 BR8300813 | ||
| 100 | 1 | _aSeljan Junior, Y. | |
| 110 | 1 | _aEmpresa de Pesquisa Agropecuaria do Estado do Rio de Janeiro, Niteroi (Brasil) | |
| 245 | 1 | _aComportamento de isca viva acondicionada em tanques para utilizacao na pesca do listado [sardinha, anchova] | |
| 260 | 3 |
_aNiteroi, RJ (Brasil): _c1983. |
|
| 300 | _a2 p. | ||
| 490 |
_aComunicado Tecnico - Empresa de Pesquisa Agropecuaria do Estado do Rio de Janeiro (Brazil) _vno. 126 _xISSN 0100-896X |
||
| 650 | _aBONITO | ||
| 650 | _aISCA | ||
| 650 | _aPESCA | ||
| 909 |
_a202312 _bLúcia Elande _c55 _dLúcia Elande |
||
| 942 |
_2AGRIS _n0 _cMS |
||
| 999 |
_c275606 _d275606 |
||